Learning Resource and Development

100 buttercream flowers : (Record no. 4077)

MARC details
000 -LEADER
fixed length control field 00857nam a22002537a 4500
005 - DATE AND TIME OF LATEST TRANSACTION
control field 20230512222036.0
008 - FIXED-LENGTH DATA ELEMENTS--GENERAL INFORMATION
fixed length control field 180507t xxu||||| |||| 00| 0 eng d
020 ## - INTERNATIONAL STANDARD BOOK NUMBER
International Standard Book Number 9781446305744
040 ## - CATALOGING SOURCE
Transcribing agency CSPC
082 0# - DEWEY DECIMAL CLASSIFICATION NUMBER
Classification number 641.86539
Item number V236o
100 ## - MAIN ENTRY--PERSONAL NAME
Personal name Valeriano, Valeri
Relator term author.
245 00 - TITLE STATEMENT
Title 100 buttercream flowers :
Remainder of title the complete step-by-step guide to piping flowers in buttercream icing /
Statement of responsibility, etc. Valeri Valeriano
260 ## - PUBLICATION, DISTRIBUTION, ETC.
Place of publication, distribution, etc. United Kindom :
Name of publisher, distributor, etc. F & W Media International,
Date of publication, distribution, etc. 2015.
300 ## - PHYSICAL DESCRIPTION
Extent 143 pages :
Other physical details images :
Dimensions 27 cm.
500 ## - GENERAL NOTE
General note Includes Index.
650 10 - SUBJECT ADDED ENTRY--TOPICAL TERM
Topical term or geographic name entry element Icing (Confectionary).
650 10 - SUBJECT ADDED ENTRY--TOPICAL TERM
Topical term or geographic name entry element Artificial flowers.
650 10 - SUBJECT ADDED ENTRY--TOPICAL TERM
Topical term or geographic name entry element Cake decorating.
700 1# - ADDED ENTRY--PERSONAL NAME
Personal name Ong, Christina
Relator term author.
940 ## - EQUIVALENCE OR CROSS-REFERENCE--UNIFORM TITLE [OBSOLETE] [CAN/MARC only]
Uniform title <a href="123">123</a>
942 ## - ADDED ENTRY ELEMENTS (KOHA)
Koha item type
-- CIR 641.86539 V236o 2015
Holdings
Withdrawn status Lost status Damaged status Not for loan Home library Current library Shelving location Date acquired Total Checkouts Full call number Barcode Date last seen Date last checked out Copy number Price effective from Koha item type
        Main Library Main Library Circulation Section 05/12/2023 1 CIR 641.86539 V236o 2015 017865 09/25/2023 09/13/2023 2-2 05/12/2023 Books